000 01164cam a2200337 a 4500
001 2329
003 BD-DhEWU
005 20140610184733.0
008 930601s1994 vtua g 001 0 eng d
010 _a 93060673
020 _a0939246449
020 _a9780939246441
035 _a(OCoLC)30425104
040 _aVtU
_cVtU
_dDLC
_dBD-DhEWU
_beng
041 _aeng
050 0 4 _aHF5415.153
_b.E74 1994
082 0 4 _a658.8
_bERC 1994
100 1 _aErhorn, Craig.
_911677
245 1 0 _aCompeting by design :
_bcreating value and market advantage in new product development /
_cCraig Erhorn and John Stark.
260 _aEssex Junction, VT :
_bomneo̲
_cc1994.
300 _axiii, 290 p. :
_bill. ;
_c24 cm.
504 _aIncludes index.
526 _aBA
590 _aSagar Shahanawaz
650 0 _aNew products.
_911581
650 0 _aProduction planning.
_911582
650 0 _aProduction engineering.
_911583
700 1 _aStark, John,
_d1948-
_911678
856 _3WorldCat details
_uhttps://www.worldcat.org/title/competing-by-design-creating-value-and-market-advantage-in-new-product-development/oclc/30425104&referer=brief_results
942 _2ddc
_cTEXT
999 _c2329
_d2329